|
|
|
|
| LEADER |
00690cam a2200205 7i4500 |
| 001 |
0000008735 |
| 005 |
20170218090000.0 |
| 020 |
|
|
|a 9789810247881
|
| 020 |
|
|
|a 9810247885 (hbk.)
|
| 090 |
0 |
0 |
|a HC427.95
|b .W56 2002
|
| 100 |
1 |
|
|a Wong, John
|
| 245 |
1 |
0 |
|a China's economy into the new century :
|b structural issues and problems
|c John Wong, Lu Ding.
|
| 260 |
|
|
|a Singapore:
|b Singapore University Press,
|c 2002.
|
| 300 |
|
|
|a xvi, 450 p.;
|c 22 cm.
|
| 500 |
|
|
|a Includes index
|
| 650 |
0 |
0 |
|a Central planning --
|z China
|
| 651 |
|
0 |
|a China --
|x Economic conditions
|
| 700 |
3 |
|
|a Lu, Ding
|
| 997 |
|
|
|a Business & Accountancy, Faculty
|
| 999 |
|
|
|a 0000002817
|b BOK
|c OPEN SHELF
|e 1st Floor, Bestari Jaya
|